|
|
|
|
| LEADER |
00000nam a2200000 a 4500 |
| 001 |
vtls010287669 |
| 003 |
SK-MaSNL |
| 005 |
20260426005418.0 |
| 008 |
180809s2011 xo la g f 010 0 slo |
| 015 |
|
|
|a SNBA2013/04
|
| 020 |
|
|
|a 9788080783921
|q (brož.)
|
| 035 |
|
|
|a 24020128-F635-40F3-AECA-399D48276EE3
|
| 035 |
|
|
|a urn:nbn:sk:snk-amji6b
|
| 035 |
|
|
|a urn:nbn:sk:snk-am001yhs
|
| 040 |
|
|
|a SNK
|b slo
|c SNK
|e AACR2
|
| 041 |
0 |
|
|a eng
|a slo
|
| 044 |
|
|
|a xo
|c SK
|
| 072 |
|
7 |
|a 811.111
|x Angličtina
|2 konspekt
|
| 080 |
|
|
|a 811.111
|2 2001
|
| 080 |
|
|
|a 81`36
|2 2001
|
| 080 |
|
|
|a 81`355
|2 2001
|
| 080 |
|
|
|a (035)
|2 2001
|
| 100 |
1 |
|
|a Schenková, Blažena
|4 aut
|9 5009
|
| 245 |
1 |
0 |
|a Jazykový manuál Angličtina pre každého
|b priamy vstup do jazyka : anglicko-slovenská verzia
|c Blažena Schenková ; [piktogramy: Blažena Schenková, Barbara Neumannová ; ilustrácie Alexandra Šamková]
|
| 250 |
|
|
|a 1. vyd.
|
| 260 |
|
|
|a Bratislava
|b Iura edition
|c 2011
|
| 300 |
|
|
|a 108 s.
|b ilustr., tab.
|c 18 cm
|
| 490 |
1 |
|
|a Eurolingvistika
|
| 504 |
|
|
|a Bibliogr. s. 107-108
|
| 650 |
0 |
7 |
|a angličtina
|2 SNKPH
|9 1260
|
| 650 |
0 |
7 |
|a gramatika
|2 SNKPH
|9 865
|
| 650 |
0 |
7 |
|a výslovnosť
|2 SNKPH
|9 13487
|
| 650 |
0 |
7 |
|a English language
|2 SNKPHeng
|9 279139
|
| 650 |
0 |
7 |
|a Grammar
|2 SNKPHeng
|9 278150
|
| 650 |
0 |
7 |
|a Pronunciation
|2 SNKPHeng
|9 310269
|
| 655 |
|
7 |
|a príručky
|2 SNKPH
|9 74364
|
| 655 |
|
7 |
|a Handbooks, manuals, etc.
|2 SNKPHeng
|9 90964
|
| 700 |
1 |
|
|a Neumannová, Barbara
|c (výtvarníčka)
|4 oth
|9 11014
|
| 700 |
1 |
|
|a Šamková, Alexandra
|4 ill
|9 20305
|
| 830 |
|
0 |
|a Eurolingvistika
|9 652823
|
| 852 |
|
|
|a Štátna vedecká knižnica v Banskej Bystrici
|
| 919 |
|
|
|a 978-80-8078-392-1
|
| 958 |
|
|
|a NB
|
| 958 |
|
|
|a OND
|
| 999 |
|
|
|c 1007495
|d 1009425
|
| 952 |
|
|
|a SNK
|b SNK
|y PREZ
|7 0
|p 17A0707066
|o snkSC 146013
|i snk2011/14957
|8 0
|0 0
|1 0
|4 0
|d 2011-06-30
|l 0
|r 2025-07-15 00:00:00
|w 2026-02-24
|
| 952 |
|
|
|a SNK
|b SNK
|y VYP
|7 0
|p 17A0707065
|o snkSC 146013 D1
|i snk2011/14958
|8 0
|0 0
|1 0
|4 0
|d 2011-06-30
|l 0
|r 2026-02-24 12:40:50
|w 2026-02-24
|